|
|
|
|
| LEADER |
00000nam0a2200000 4500 |
| 001 |
235745 |
| 005 |
20231101231425.0 |
| 010 |
|
|
|a 9785991625319
|
| 035 |
|
|
|a (RuTPU)RU\TPU\book\256885
|
| 090 |
|
|
|a 235745
|
| 100 |
|
|
|a 20130416d2013 m y0rusy50 ca
|
| 101 |
0 |
|
|a rus
|
| 102 |
|
|
|a RU
|
| 105 |
|
|
|a a j 001zy
|
| 200 |
1 |
|
|a Теория менеджмента
|e учебник для бакалавров
|f Государственный университет управления (ГУУ) ; под ред. В. Я. Афанасьева
|
| 205 |
|
|
|a 2-е изд.
|
| 210 |
|
|
|a Москва
|c Юрайт
|d 2013
|
| 215 |
|
|
|a 665 с.
|c ил.
|
| 225 |
1 |
|
|a Бакалавр. Углубленный курс
|
| 320 |
|
|
|a Библиогр.: с. 662-665.
|
| 330 |
|
|
|a Настоящий учебник представляет второе, переработанное и дополненное издание универсального курса «Теория менеджмента» для бакалавров экономических направлений и профилей в формате требований Федерального государственного образовательного стандарта высшего профессионального образования третьего поколения. Авторы учебника — ведущие профессора Государственного университета управления, Академии народного хозяйства, Национального исследовательского университета «Высшая школа экономики», Российского экономического университета им. Г. В. Плеханова — адаптируют классические концепции широкого спектра основ менеджмента к формату универсального представления единой теории. Большинство положений учебника основаны на исследовании теории, прикладной постановки и практического применения ресурсов современного менеджмента в организации процессов и систем управления ведущих отечественных компаний и корпораций. Методика построения материала учебника и его применения в учебном процессе основана на интерактивных процедурах, предполагающих широкое и разнообразное участие обучающихся в раскрытии и наполнении содержания программы соответствующим иллюстративным, аналитическим и оценочным сопровождением.
|
| 606 |
1 |
|
|a Менеджмент
|2 stltpush
|3 (RuTPU)RU\TPU\subj\42098
|9 61850
|
| 610 |
1 |
|
|a управление
|
| 610 |
1 |
|
|a теория
|
| 610 |
1 |
|
|a методы
|
| 610 |
1 |
|
|a методология
|
| 610 |
1 |
|
|a генезис
|
| 610 |
1 |
|
|a Миссия
|
| 610 |
1 |
|
|a цели
|
| 610 |
1 |
|
|a закономерности
|
| 610 |
1 |
|
|a социальное управление
|
| 610 |
1 |
|
|a коллектив
|
| 610 |
1 |
|
|a личность
|
| 610 |
1 |
|
|a психология
|
| 610 |
1 |
|
|a менеджеры
|
| 610 |
1 |
|
|a деятельность
|
| 610 |
1 |
|
|a организация
|
| 610 |
1 |
|
|a проектирование
|
| 610 |
1 |
|
|a процессно-проектное управление
|
| 610 |
1 |
|
|a информационные основы
|
| 610 |
1 |
|
|a информационное обеспечение
|
| 610 |
1 |
|
|a экономические основы
|
| 610 |
1 |
|
|a экономические интересы
|
| 610 |
1 |
|
|a корпоративный менеджмент
|
| 610 |
1 |
|
|a организационное поведение
|
| 610 |
1 |
|
|a организационное проектирование
|
| 610 |
1 |
|
|a организационное развитие
|
| 610 |
1 |
|
|a инновационный менеджмент
|
| 610 |
1 |
|
|a инновационные процессы
|
| 610 |
1 |
|
|a нововведения
|
| 610 |
1 |
|
|a инвестиции
|
| 610 |
1 |
|
|a инвестиционная деятельность
|
| 610 |
1 |
|
|a инновационная деятельность
|
| 610 |
1 |
|
|a интеллектуальные права
|
| 610 |
1 |
|
|a правовое регулирование
|
| 610 |
1 |
|
|a модернизация
|
| 610 |
1 |
|
|a оценка
|
| 610 |
1 |
|
|a перспективы
|
| 610 |
1 |
|
|a учебники
|
| 686 |
|
|
|a У9(2)212я73
|v LBC/SL-A
|2 rubbk
|
| 702 |
|
1 |
|a Афанасьев
|b В. Я.
|g Валентин Яковлевич
|4 340
|
| 712 |
0 |
2 |
|a Государственный университет управления (ГУУ)
|c (Москва)
|c (1998- )
|2 stltpush
|3 (RuTPU)RU\TPU\col\23
|
| 801 |
|
1 |
|a RU
|b 63413507
|c 20130416
|
| 801 |
|
2 |
|a RU
|b 63413507
|c 20150515
|g RCR
|
| 900 |
|
|
|a Теория менеджмента
|
| 942 |
|
|
|c BK
|
| 951 |
|
|
|b 080200
|
| 959 |
|
|
|a 69/20130409
|d 5
|e 479,00
|f ЧЗГЛ:1
|f АНЛ:1
|f УФ:3
|